Click the U.S. City's Timezone - Statistics

General Stats
  • This quiz has been taken 15 times
  • The average score is 21 of 25
Answer Stats
Hint Answer % Correct
Dallas Central
100%
New York City Eastern
100%
Miami Eastern
100%
Raleigh Eastern
100%
Los Angeles Pacific
100%
Chicago Central
93%
Oklahoma City Central
93%
Omaha Central
93%
Minneapolis Central
93%
Houston Central
93%
Pittsburgh Eastern
93%
Salt Lake City Mountain
93%
Richmond Eastern
87%
Boise Mountain
87%
Seattle Pacific
87%
Gary, IN Central
80%
New Orleans Central
80%
Phoenix Mountain
80%
Denver Mountain
80%
Indianapolis Eastern
73%
Nashville Central
60%
Detroit Eastern
60%
El Paso Mountain
60%
Las Vegas Pacific
53%
Spokane Pacific
53%
No matching quizzes found
Score Distribution
Percent of People with Each Score
Percentile by Number Answered
Your Score History
You have not taken this quiz